000 00819nam a22002531 4500
001 42730
003 BD-RjUL
005 20211209053601.0
008 160903s1961 ilua b 001 0 eng
035 _a(BD-RjUL)42848
040 _aDLC/ICU
_cICU
_dDLC
_beng
041 _aeng
082 0 0 _a530.12
_223
_bSCI 1961
100 1 _aSchweber, Silvan S.
_9154920
245 1 3 _aAn introduction to relativistic quantum field theory /
_cSchweber, Silvan S. ; Foreword by Hans A. Bethe.
260 _aEvanston, Ill.,
_bRow, Peterson
_cc1961
300 _axiv, 905 p.:
_bill. ;
_c24 cm.
504 _aIncludes bibliography and index
650 0 _aQuantum field theory.
_9118408
700 _aBethe, Hans A. , Foreworder
_9154921
740 0 _aRelativistic quantum field theory.
942 _2ddc
_cBK
999 _c42730
_d42730